Three Largest Islands by Country - Statistics

General Stats
  • This quiz has been taken 157 times
  • The average score is 17 of 24
Answer Stats
Island % Correct
North Island
95%
Crete
94%
South Island
94%
Honshu
93%
Borneo
92%
Hokkaido
91%
Sumatra
91%
Baffin Island
90%
Majorca
90%
Luzon
85%
Hawai'i
83%
New Guinea
78%
Kyushu
73%
Victoria Island
72%
Ellesmere Island
71%
Mindanao
69%
Puerto Rico
67%
Lesbos
65%
Tenerife
58%
Gran Canaria
56%
Euboea
40%
Kodiak Island
31%
Stewart Island
24%
Samar
18%
No matching quizzes found
Score Distribution
Percent of People with Each Score
Percentile by Number Answered
Your Score History
You have not taken this quiz